000 01059cgm a2200301 4500
001 E2517
008 090401t1995 xxu||||| |||| 00| 0 eng d
035 _a(Sirsi) u39736
041 _aeng
050 _a333.33
100 _aFox, Gerry
245 _aManagement of flats (sound recording)
250 _a2nd.
260 _aLondon
_bRICS
_c1995
300 _a1 sound cassette (60 min.)
350 _a11.06
490 _aOwlion Audio Programme
520 _aExamines the background of management problems, relative legislation, accounting requirements, and some practical rules that have been proved useful in seeking harmonious relationship between management and tenant.
650 _aAUDIO CASSETTES
650 _aPROPERTYMANAGEMENT
690 _aPROPERTY-RESIDENTIAL PROPERTY-RESIDENTIAL LANDLORD AND TENANT-RESIDENTIAL TENANCIES
700 _aBuller, David
700 _aPottinger, Gaye
710 _aRoyal Institution of Chartered Surveyors
_94900
710 _aCollege of Estate Management
_9400
942 _n0
948 _c04/03/1997
999 _c85234
_d85234